Quizzes
Events
Quiz Creation
Community
Videos
Private Events
Remove Ads
Sign In
Join for FREE
Feedback
Dark Mode
Quiz Categories
Sports
Geography
Music
Movies
Television
Just For Fun
Miscellaneous
History
Literature
Language
Science
Gaming
Entertainment
Religion
Holiday
For Kids
Quiz Lab
Recent
Popular Today
Quiz Kudos Today
Editor Picks
Curator Picks
Quizzes by...
Day
Popularity
Type
Ratings
Length
Year
Community
Subscriptions
Recent Discussions
Orange Saloon
Badges
Playlists
Quests
Create
Leaderboards
Showdown
Live 5
Trivia Bingo
Activity
Puzzle Library
Sporcle Events
Private Events
Virtual Trivia
Globe League
Become a Host
Pub Owners
SporcleCon
Opinionation
Our Games
Videos
Blog
Mobile Apps
Partnerships
Remove Ads and Go Orange
Feedback
Sports
Athletes
MLB
NBA
NHL
NFL
Soccer
Sports Teams
WWE
NCAA
Football
Premier League
Basketball
Baseball
Hockey
Golf
Tennis
Cricket
Rugby
Auto Racing
Olympics
World Cup
Sports
Athletes
MLB
NBA
NHL
NFL
Soccer
Sports Teams
WWE
NCAA
Football
Premier League
Basketball
Baseball
Hockey
Golf
Tennis
Cricket
Rugby
Auto Racing
Olympics
World Cup
Random Quiz
Search Sporcle
×
Quiz Lab
Quiz Lab
Sports
MLB
Type in answers that appear in a list
Type in answers that appear in a list
Classic
Best Score? Go Orange.
Florida Marlins 2009 Stats
Can you name the Florida Marlins of 2009?
By
chocotaco
8m
43 Questions
224 Plays
224 Plays
224 Plays
Comments
Comments
Give Quiz Kudos
Give Quiz Kudos
-
- Ratings
hide this ad
Replay
Link that replays current quiz
Next Quiz
Link to next quiz in quiz playlist
You Got
0%
They Got
Avg Score
46%
Avg Friend Score
Upgrade to see
Score Distribution
Jump to the score distribution portion of the page
Score
0/43
Timer
08:00
0
Plays Today
Position
Player
% Correct
Shortstop
Hanley Ramirez
97.3%
Second Base
Dan Uggla
96.4%
Starting Pitcher
Josh Johnson
95.5%
First Base
Nick Johnson
91%
Starting Pitcher
Ricky Nolasco
81.1%
First Base
Jorge Cantu
81.1%
Starting Pitcher
Anibal Sanchez
79.3%
First Base
Gaby Sanchez
78.4%
Outfield
Cody Ross
73.4%
Catcher
John Baker
67.6%
Relief Pitcher
Leo Nunez
64%
Outfield
Cameron Maybin
63.5%
Outfield
Chris Coghlan
63.1%
Third Base
Emilio Bonifacio
62.2%
Relief Pitcher
Matt Lindstrom
56.8%
Outfield
Jeremy Hermida
56.3%
Third Base
Wes Helms
55.4%
Starting Pitcher
Chris Volstad
52.3%
Catcher
Ronny Paulino
51.4%
Starting Pitcher
Andrew Miller
46.4%
Relief Pitcher
Renyel Pinto
45%
Starting Pitcher
Rick VandenHurk
41%
Position
Player
% Correct
Outfield
Alfredo Amezaga
36%
Starting Pitcher
Sean West
35.6%
First Base
Ross Gload
35.1%
Relief Pitcher
Kiko Calero
32.4%
Relief Pitcher
Brian Sanches
31.5%
Relief Pitcher
Burke Badenhop
31.1%
Relief Pitcher
Dan Meyer
28.4%
Outfield
Brett Carroll
28.4%
Shortstop
Andy Gonzalez
27%
Catcher
Brett Hayes
26.6%
Outfield
Alejandro DeAza
25.2%
Relief Pitcher
Carlos Martinez
20.7%
Relief Pitcher
Christhian Martinez
20.7%
Relief Pitcher
Tim Wood
20.7%
Relief Pitcher
Brenden Donnelly
16.7%
Relief Pitcher
Hayden Penn
14%
Starting Pitcher
Graham Taylor
11.3%
Relief Pitcher
Chris Leroux
10.8%
Starting Pitcher
John Koronka
9.5%
Relief Pitcher
Luis Ayala
8.1%
Relief Pitcher
David Davidson
7.7%
Quiz Playlist
Details
Report
Send in Message
Add To Playlist
Classic:
Type in answers that appear in a list
Quiz Source
Last Updated: Feb 16, 2017
Quiz Scoreboard
CHALLENGE
Sign Up to Join the Scoreboard
Show All
Scores
Hide
Comments
May contain spoilers
Recently Published
Popular People in 1961
by mucciniale
History
6m
1-10 Letter E Words III
by El_Dandy
Language
2m
One Thing in Common: World Cities II
by knightlancer
Geography
7m
More to Explore
Quiz From the Vault
Featured Blog Post
Where Did the Easter Bunny Come From?
hide this ad
You Might Also Like...
Tags
Baseball Quiz
MLB Quiz
2009
florida
Miami Marlins
Player
Today's Top Quizzes in Sports
Browse Sports
hide this ad
Today's Top Quizzes in MLB
Browse MLB
Top Contributed Quizzes in Sports
1
2022 World Cup Stars
2
Les entraîneurs de l'OM et du PSG au 21e siècle
3
FIFA Club World Cup Champions
4
Criteria MLB: Left Handed Sluggers
5
Les meilleurs buteurs des matchs entre le PSG et l’OM
6
Name the Premier League winners with different clubs
7
Players with Multiple 50 Home Run Seasons
8
MLB Players with Two .350 Batting Average Seasons
9
La finale Lions - Afrique du Sud 2021
10
MLB Hall of Famer by Rings
Explore More
Trending Topics
Marvel
Harry Potter
Anime
Crossword
Kpop
NBA
Disney
Country
Soccer
The Office
WWE
NFL
Song
Puzzle
Pokémon
hide this ad
More By:
chocotaco
Quiz
Plays
Rating
Category
Featured
Created
Miami Marlins Opening Day Starting Pitchers
8,923
4.52
Sports
Feb 14, 2010
Octavio Dotel's 13 teams (minefield)
5,276
4.09
Sports
Jul 17, 2012
2010 Yahoo Fantasy Football Mock Draft
5,141
3.86
Sports
Jan 15, 2010
2014 MLB Teams By Player (EASY)
3,219
4.00
Sports
May 27, 2014
2013 MLB teams by player (easy)
3,002
3.88
Sports
May 30, 2013
Go to Creator's Profile
Score Distribution
Quiz Creator Spotlight
chocotaco
Follow
Send a Message
Quizzes Created
-
Created Quiz Play Count
-
More By This Creator
Popular Quizzes Today
1
Find the US States - No Outlines Minefield
2
The Countries of the World
3
Popular People in 1961
4
Find the Countries of Europe - No Outlines Minefield
5
1-10 Letter E Words III
6
Find the US States
7
One Thing in Common: World Cities II
8
US States
More Sports Quizzes
NHL 2019 Awards Winner & Nominees
Quiz Lab
Trending Quizzes
1-10 Letter F Words
One Thing in Common: Music
1-10 Letter G Words
Risky Map Clicking: Next State Alphabetically
1-10 Letter F Words II
Recently Updated
Leaping Animals
pecheneg
Reality TV Shows (A-Z)
bhenderson79
Rickey Henderson's Hall of Fame Teammates
pecheneg
Champions League XIs: Arsenal
pecheneg
Quick Pick: Celebrities in WWE's Hall of Fame
aduchscher
A-Z Keypad Blitz II
pecheneg
Multiple Oscar Actors
pecheneg
Mystery Phrase Blitz: Oscar 'Best Actors'
pecheneg
F. Scott Fitzgerald Novels
LTH
Pick 3 Villains
ddd62291
Trending Topics
Crossword
Anime
Harry Potter
Disney
Kpop
NBA
Marvel
Song
The Office
Country
Pokémon
WWE
Puzzle
Soccer
NFL
Your Account Isn't Verified!
In order to create a playlist on Sporcle, you need to verify the email address you used during registration. Go to your
Sporcle Settings
to finish the process.
Report this User
Report this user for behavior that violates our
Community Guidelines
.
Details:
Send Report
Go to the Sporcle.com Mobile Site →
Comments